000 00297nam a2200109Ia 4500
008 220204s9999 xx 000 0 und d
082 _a633.18
_bSRI
100 _aSrinivasamurthy, J
245 0 _aIR-8 adoption and the influence of extension campaign
260 _aBangalore
_bUAS
_c1971
942 _cBK
999 _c21880
_d21880